|
|
|
|
| LEADER |
01319nam a2200373 4500 |
| 001 |
on1124762091 |
| 003 |
OCoLC |
| 005 |
20200326101204.0 |
| 006 |
m o d |
| 007 |
cr cnu---unuuu |
| 008 |
191022s2019 mau o 000 0 eng d |
| 040 |
|
|
|a OPELS
|b eng
|e rda
|e pn
|c OPELS
|d OCLCF
|d SFB
|d GrThAP
|
| 019 |
|
|
|a 1136403141
|
| 020 |
|
|
|a 0128177071
|
| 020 |
|
|
|a 9780128177075
|
| 020 |
|
|
|a 0128177063
|
| 020 |
|
|
|a 9780128177068
|
| 035 |
|
|
|a (OCoLC)1124762091
|z (OCoLC)1136403141
|
| 050 |
|
4 |
|a QR181
|
| 082 |
0 |
4 |
|a 571.9/6
|2 23
|
| 245 |
0 |
0 |
|a Advances in immunology.
|n Volume 143 /
|c edited by Frederick Alt.
|
| 264 |
|
1 |
|a Cambridge, MA :
|b Academic Press is an imprint of Elsevier,
|c 2019.
|
| 300 |
|
|
|a 1 online resource.
|
| 336 |
|
|
|a text
|b txt
|2 rdacontent
|
| 337 |
|
|
|a computer
|b c
|2 rdamedia
|
| 338 |
|
|
|a online resource
|b cr
|2 rdacarrier
|
| 490 |
1 |
|
|a Advances in Immunology ;
|v volume 143
|
| 588 |
0 |
|
|a Online resource; title from PDF title page (ScienceDirect, viewed October 22, 2019).
|
| 650 |
|
0 |
|a Immunology.
|
| 650 |
|
7 |
|a Immunology.
|2 fast
|0 (OCoLC)fst00968006
|
| 655 |
|
4 |
|a Electronic books.
|
| 700 |
1 |
|
|a Alt, Frederick W.,
|e editor.
|
| 830 |
|
0 |
|a Advances in immunology ;
|v v. 143.
|
| 856 |
4 |
0 |
|3 ScienceDirect
|u https://www.sciencedirect.com/science/bookseries/00652776/143
|z Full Text via HEAL-Link
|